[Event "CAN-op"]
[Site "Regina CAN"]
[Date "2019.07.15"]
[Round "6.10"]
[White "Vasic, Maxim"]
[Black "Wang, Elon"]
[Result "1-0"]
[WhiteElo "1964"]
[BlackElo "1529"]
[PlyCount "73"]
[EventDate "2019.07.12"]
[EventType "swiss"]
[EventRounds "9"]
[EventCountry "CAN"]

1. d4 d5 2. c4 c6 3. Nf3 Nf6 4. Nc3 dxc4 5. a4 Bf5 6. Ne5 Nbd7 7. Nxc4 Nb6 8.
Ne5 e6 9. f3 Bb4 10. e4 Bg6 11. Be3 Nbd7 12. Nd3 Qa5 13. Nxb4 Qxb4 14. Qd2 O-O
15. Be2 Rfd8 16. O-O e5 17. Rfd1 Nb6 18. a5 Nc4 19. Bxc4 Qxc4 20. Qf2 exd4 21.
Bxd4 Qa6 22. Bxa7 Rxd1+ 23. Rxd1 Qxa5 24. Bb6 Qb4 25. g4 h6 26. Bc5 Qa5 27. Be7
Qc7 28. Bxf6 gxf6 29. Kg2 Qf4 30. Qd2 Qxd2+ 31. Rxd2 Kf8 32. Rd7 Rb8 33. Na4
Ke8 34. Nb6 Rd8 35. Rxb7 Rd2+ 36. Kg3 Rxb2 37. Rb8+ 1-0

[Event "CAN-op"]
[Site "Regina CAN"]
[Date "2019.07.15"]
[Round "6.11"]
[White "Lambruschini, Alex"]
[Black "Demchenko, Kiril"]
[Result "0-1"]
[WhiteElo "1810"]
[BlackElo "2004"]
[PlyCount "116"]
[EventDate "2019.07.12"]
[EventType "swiss"]
[EventRounds "9"]
[EventCountry "CAN"]

1. d4 d5 2. c4 e6 3. Nf3 Nf6 4. Bg5 Be7 5. e3 Ne4 6. Bxe7 Qxe7 7. Qb3 c6 8. Nc3
f5 9. Bd3 Nd7 10. h4 O-O 11. g3 Ndf6 12. Rh2 Ng4 13. Rg2 Bd7 14. Ke2 Be8 15.
Ng1 Bh5 16. f3 Nxg3+ 17. Kd2 Nxe3 18. Kxe3 e5 19. dxe5 d4+ 20. Kxd4 Rad8+ 21.
Ke3 Qxe5+ 22. Kd2 Rfe8 23. Kc2 Rxd3 24. Kxd3 Rd8+ 25. Kc2 f4 26. Rd1 Bg6+ 27.
Kc1 Qe3+ 28. Rdd2 Nf1 29. Nd5 Qxb3 30. axb3 Nxd2 31. Rxd2 cxd5 32. Rxd5 Rxd5
33. cxd5 Bh5 34. Nh3 Bxf3 35. Nxf4 Kf7 36. Kd2 Ke7 37. Ke3 Bh1 38. Kd4 Kd6 39.
b4 g6 40. b5 Bf3 41. b3 Bh1 42. b4 Bf3 43. b6 axb6 44. Kc4 b5+ 45. Kxb5 Bxd5
46. Kb6 Be4 47. Nh3 h6 48. Nf2 Bf3 49. Nd3 g5 50. hxg5 hxg5 51. Ne1 Be4 52. Ka7
Kc6 53. Kb8 g4 54. Kc8 g3 55. Kb8 g2 56. Nxg2 Bxg2 57. Ka7 Kb5 58. Kb8 Kxb4 0-1

[Event "CAN-op"]
[Site "Regina CAN"]
[Date "2019.07.15"]
[Round "6.12"]
[White "Bu, Kevin"]
[Black "Wang, Paul"]
[Result "1-0"]
[WhiteElo "1784"]
[BlackElo "1902"]
[PlyCount "93"]
[EventDate "2019.07.12"]
[EventType "swiss"]
[EventRounds "9"]
[EventCountry "CAN"]

1. d4 d5 2. Bf4 Nf6 3. e3 e6 4. Nf3 c5 5. c3 Nc6 6. Nbd2 Bd6 7. Ne5 Qc7 8. Ndf3
Nd7 9. Bb5 O-O 10. Nxd7 Bxd7 11. Bxd6 Qxd6 12. Bxc6 Bxc6 13. O-O f6 14. Rc1 e5
15. b3 Rad8 16. Qc2 e4 17. dxc5 Qxc5 18. Nd4 Qe7 19. c4 Qf7 20. cxd5 Bxd5 21.
Qc5 a6 22. Qb6 Rc8 23. Rc5 Rxc5 24. Qxc5 Qd7 25. Rc1 Be6 26. Qb6 Bd5 27. Rc7
Rc8 28. Rxc8+ Qxc8 29. h3 Bc6 30. Nxc6 Qxc6 31. Qxc6 bxc6 32. Kf1 Kf7 33. Ke2
Ke6 34. Kd2 Kd5 35. Kc3 a5 36. b4 a4 37. f3 f5 38. f4 g6 39. a3 c5 40. b5 c4
41. b6 Kc6 42. Kxc4 Kxb6 43. Kb4 Kc6 44. Kxa4 Kd5 45. Kb5 g5 46. g3 h5 47. h4
1-0

[Event "CAN-op"]
[Site "Regina CAN"]
[Date "2019.07.15"]
[Round "6.13"]
[White "Chandra, Anand Rishi"]
[Black "Boron, Anthony"]
[Result "1-0"]
[WhiteElo "1883"]
[BlackElo "1854"]
[PlyCount "51"]
[EventDate "2019.07.12"]
[EventType "swiss"]
[EventRounds "9"]
[EventCountry "CAN"]

1. e4 c5 2. Nf3 e6 3. d4 cxd4 4. Nxd4 Nf6 5. Nc3 Nc6 6. Ndb5 Bb4 7. a3 Bxc3+ 8.
Nxc3 d5 9. exd5 exd5 10. Bd3 O-O 11. O-O Bg4 12. f3 Be6 13. Bg5 h6 14. Bh4 Ne5
15. Be2 Ng6 16. Bf2 Nf4 17. Re1 Nxe2+ 18. Qxe2 Qc7 19. Rad1 Rfc8 20. Rd2 Qc4
21. Qd1 b5 22. Rd4 Qc6 23. Bh4 Ne8 24. Nxd5 Bxd5 25. Rxd5 Qxc2 26. Rxe8+ 1-0

[Event "CAN-op"]
[Site "Regina CAN"]
[Date "2019.07.15"]
[Round "6.14"]
[White "Sorgard, Graham"]
[Black "Chen, Andrew"]
[Result "1-0"]
[WhiteElo "1960"]
[BlackElo "1778"]
[PlyCount "83"]
[EventDate "2019.07.12"]
[EventType "swiss"]
[EventRounds "9"]
[EventCountry "CAN"]

1. e4 e5 2. Nf3 Nc6 3. Bb5 a6 4. Ba4 Nf6 5. O-O Be7 6. Re1 b5 7. Bb3 d6 8. c3
O-O 9. h3 Nb8 10. d4 Nbd7 11. Nbd2 Bb7 12. Bc2 Re8 13. Nf1 Bf8 14. Ng3 g6 15.
Nh2 c5 16. d5 Qc7 17. Ng4 Bg7 18. Nh6+ Kf8 19. Qf3 Nb6 20. Bg5 Ng8 21. Nxg8
Kxg8 22. Qg4 h6 23. Bc1 Kh7 24. f4 exf4 25. Qxf4 Re5 26. Rf1 Rf8 27. Qh4 Qe7
28. Qf4 Bc8 29. Qf3 Qc7 30. Nh1 f5 31. Qg3 g5 32. Bxg5 hxg5 33. Qxg5 Bh6 34.
Qh5 Qg7 35. exf5 Bxf5 36. Rxf5 Rexf5 37. Ng3 Qg6 38. Nxf5 Rxf5 39. g4 Rf1+ 40.
Rxf1 Qxc2 41. g5 Qg6 42. Qxh6+ 1-0

[Event "CAN-op"]
[Site "Regina CAN"]
[Date "2019.07.15"]
[Round "6.15"]
[White "Ehab, Mohamed"]
[Black "Jiang, Kate"]
[Result "0-1"]
[WhiteElo "2006"]
[BlackElo "1463"]
[PlyCount "120"]
[EventDate "2019.07.12"]
[EventType "swiss"]
[EventRounds "9"]
[EventCountry "CAN"]

1. c4 c6 2. e4 d5 3. exd5 cxd5 4. d4 Nf6 5. Nc3 Nc6 6. Nf3 e6 7. a3 a6 8. c5 b6
9. b4 a5 10. Bb5 Bd7 11. Bxc6 Bxc6 12. b5 Bb7 13. c6 Bc8 14. Bf4 Bd6 15. Bxd6
Qxd6 16. Qd3 Nh5 17. O-O O-O 18. Rfe1 Nf6 19. Ne5 Ne8 20. Re3 Qd8 21. Na4 Nd6
22. Rc1 Ra7 23. Re2 f6 24. Nf3 Nxb5 25. Qxb5 Ba6 26. Qb2 Bxe2 27. Qxe2 Qd6 28.
Nxb6 Rc7 29. Qb5 Qxa3 30. Re1 Qd6 31. Rc1 Qa3 32. Qc5 Qxc5 33. dxc5 Rd8 34. Nd4
Kf7 35. Ra1 e5 36. Nb3 Rxc6 37. Rxa5 d4 38. Ra7+ Kg6 39. Kf1 d3 40. Nd7 Kf5 41.
Ke1 Ke6 42. Nb6 d2+ 43. Nxd2 Rxc5 44. Nbc4 Rd7 45. Ra6+ Ke7 46. Nb6 Rd6 47.
Ra7+ Ke6 48. Ndc4 Rdc6 49. Ra4 g6 50. Ke2 Rb5 51. Ra6 Rb4 52. Kd3 Rbxc4 53.
Nxc4 Rxa6 54. Nd2 f5 55. f3 Kd5 56. Nb1 Kc5 57. Nc3 Ra3 58. Kc2 Kc4 59. Nd1
Ra2+ 60. Kb1 Kb3 0-1

[Event "CAN-op"]
[Site "Regina CAN"]
[Date "2019.07.15"]
[Round "6.16"]
[White "Albzour, Abdalsalam"]
[Black "Yang, Jingyun (Ryan)"]
[Result "0-1"]
[WhiteElo "1794"]
[BlackElo "1704"]
[PlyCount "98"]
[EventDate "2019.07.12"]
[EventType "swiss"]
[EventRounds "9"]
[EventCountry "CAN"]

1. e4 e5 2. Bc4 Nf6 3. Nc3 Nc6 4. Nf3 Nxe4 5. Bxf7+ Kxf7 6. Nxe4 Be7 7. d3 Rf8
8. Bg5 Kg8 9. Bxe7 Qxe7 10. O-O d5 11. Ng3 Bg4 12. c3 Qf7 13. Ng5 Qf4 14. Qc1
h6 15. Nh3 Bxh3 16. gxh3 Qf3 17. Qd1 Ne7 18. Qe2 Ng6 19. Rad1 Rae8 20. c4 d4
21. Qe4 Qxe4 22. Nxe4 Rf3 23. Ng3 Nf4 24. b3 Rxd3 25. Rde1 Nxh3+ 26. Kg2 Nf4+
27. Kh1 Rd2 28. a4 Nd3 29. Re2 Rxe2 30. Nxe2 c5 31. f3 Nf4 32. Ng3 g6 33. Re1
Nd3 34. Re2 b6 35. Kg1 Rf8 36. Ne4 Rxf3 37. Kg2 Rf8 38. Kg1 Nf4 39. Ra2 Nd3 40.
Re2 g5 41. Nd2 Rf5 42. Rg2 Nf4 43. Rg4 h5 44. Rg3 Ne2+ 45. Kg2 Nxg3 46. hxg3 h4
47. gxh4 gxh4 48. Kh3 Rf4 49. Kg2 e4 0-1

[Event "CAN-op"]
[Site "Regina CAN"]
[Date "2019.07.15"]
[Round "6.17"]
[White "Basko, Yauheni"]
[Black "Landstrom, William"]
[Result "0-1"]
[WhiteElo "1800"]
[BlackElo "1516"]
[PlyCount "170"]
[EventDate "2019.07.12"]
[EventType "swiss"]
[EventRounds "9"]
[EventCountry "CAN"]

1. e4 d6 2. d4 Nf6 3. Nc3 e5 4. Nf3 Nbd7 5. Be2 Be7 6. h3 c6 7. a4 a5 8. Be3
Qc7 9. O-O O-O 10. Ne1 b6 11. f4 exd4 12. Qxd4 Re8 13. Rd1 Bf8 14. Nf3 d5 15.
e5 Nh5 16. Kh2 g6 17. Ng5 Ng7 18. Bg4 Rb8 19. Bf2 h6 20. Nf3 h5 21. Bxd7 Bxd7
22. Qd2 Bc5 23. Nd4 Bxd4 24. Bxd4 Nf5 25. Qf2 Nxd4 26. Rxd4 Bf5 27. Rd2 Red8
28. Qh4 Qc8 29. Rg1 d4 30. Ne2 c5 31. g4 hxg4 32. hxg4 Be4 33. Rg3 Qc6 34. Rh3
Kf8 35. Nc3 Ke8 36. Nb5 Bd5 37. c3 Bc4 38. Nd6+ Rxd6 39. exd6 Qxd6 40. Qh8+ Kd7
41. Qe5 Qxe5 42. fxe5 d3 43. b3 Bxb3 44. Rhxd3+ Ke6 45. Re3 Bxa4 46. Rd6+ Ke7
47. Kg3 Bb3 48. Kf4 a4 49. Ke4 Be6 50. Re1 Bxg4 51. c4 b5 52. cxb5 Rxb5 53. Kd5
Be6+ 54. Kc6 Rb2 55. Ra1 Re2 56. Kxc5 Rxe5+ 57. Kc6 Re4 58. Rd3 Bb3 59. Rd7+
Kf6 60. Kc5 Kg5 61. Rg1+ Rg4 62. Rf1 a3 63. Ra1 a2 64. Rd2 Kh6 65. Kd6 Ra4 66.
Ke7 Be6 67. Rf2 g5 68. Rh1+ Kg7 69. Ra1 g4 70. Rg2 Kg6 71. Rg3 Rb4 72. Rgg1 Rb2
73. Kd6 Kg5 74. Ke5 Re2+ 75. Kd4 Kh4 76. Kd3 Rb2 77. Kc3 Rf2 78. Kd3 g3 79. Ke4
g2 80. Ke3 Kg3 81. Rgd1 f5 82. Rd6 f4+ 83. Ke4 Bg4 84. Rc1 Rf1 85. Rc3+ f3 0-1

[Event "CAN-op"]
[Site "Regina CAN"]
[Date "2019.07.15"]
[Round "6.18"]
[White "Darvekar, Yash"]
[Black "McDonald, Mike"]
[Result "1/2-1/2"]
[WhiteElo "1495"]
[BlackElo "1741"]
[PlyCount "94"]
[EventDate "2019.07.12"]
[EventType "swiss"]
[EventRounds "9"]
[EventCountry "CAN"]

1. e4 c5 2. Nf3 d6 3. c3 Nf6 4. Be2 Nbd7 5. d3 b6 6. O-O Bb7 7. Be3 g6 8. Nbd2
Bg7 9. Qc2 Qc7 10. d4 cxd4 11. Nxd4 a6 12. f3 e5 13. N4b3 d5 14. Bd3 O-O 15. a4
Rac8 16. Rfc1 Rfd8 17. a5 b5 18. Rab1 Bf8 19. exd5 Nxd5 20. Bf2 Nf4 21. Ne4
Bxe4 22. Bxe4 Nc5 23. Nxc5 Bxc5 24. b4 Ba7 25. Rb2 Rd6 26. Bxa7 Qxa7+ 27. Qf2
Qe7 28. Qg3 Rcd8 29. Qe1 Qg5 30. h4 Qe7 31. g3 Nh5 32. Re2 Qd7 33. Kg2 Kg7 34.
Bb1 f6 35. Qf2 Rd2 36. Rce1 Rxe2 37. Rxe2 Qc7 38. Re3 Rd1 39. Qc2 Qd7 40. Rd3
Rxd3 41. Qxd3 Qa7 42. Ba2 Kh6 43. c4 Nxg3 44. Kxg3 Qg1+ 45. Kh3 Qh1+ 46. Kg3
Qg1+ 47. Kh3 Qh1+ 1/2-1/2

[Event "CAN-op"]
[Site "Regina CAN"]
[Date "2019.07.15"]
[Round "6.19"]
[White "Einarsson, Ken"]
[Black "Lin, Joey"]
[Result "1-0"]
[WhiteElo "1682"]
[BlackElo "1255"]
[PlyCount "65"]
[EventDate "2019.07.12"]
[EventType "swiss"]
[EventRounds "9"]
[EventCountry "CAN"]

1. d4 d5 2. c4 c6 3. e3 Bf5 4. Nc3 a6 5. cxd5 cxd5 6. Qb3 e6 7. Qxb7 Nd7 8.
Bxa6 Ngf6 9. Qb5 Rb8 10. Qe2 Bb4 11. Bd2 Bxc3 12. Bxc3 Ne4 13. Bd3 Nxc3 14.
bxc3 Qa5 15. Qc2 Bxd3 16. Qxd3 Rb2 17. a4 Rb3 18. Ne2 O-O 19. O-O Nb6 20. Rfb1
Rxb1+ 21. Qxb1 Ra8 22. Qc2 Nxa4 23. c4 dxc4 24. Nc3 Qb4 25. Rxa4 Rxa4 26. Qxa4
Qb8 27. Qxc4 Qa8 28. g3 Qa1+ 29. Kg2 Qa8+ 30. d5 h6 31. Qe4 exd5 32. Nxd5 g6
33. Nf6+ 1-0

[Event "CAN-op"]
[Site "Regina CAN"]
[Date "2019.07.15"]
[Round "6.20"]
[White "Green, Jim"]
[Black "Ratte, Cameron"]
[Result "1/2-1/2"]
[WhiteElo "1772"]
[BlackElo "1857"]
[PlyCount "119"]
[EventDate "2019.07.12"]
[EventType "swiss"]
[EventRounds "9"]
[EventCountry "CAN"]

1. e4 c5 2. Nf3 Nc6 3. Bb5 g6 4. Bxc6 bxc6 5. d3 Bg7 6. c3 Nf6 7. O-O O-O 8.
Re1 Rb8 9. Na3 d6 10. h3 Nd7 11. Nc4 Nb6 12. Ne3 e5 13. d4 cxd4 14. cxd4 exd4
15. Nxd4 Bb7 16. Nb3 Re8 17. Qc2 Qh4 18. Nf1 f5 19. Bd2 Rxe4 20. Ng3 Rxe1+ 21.
Rxe1 Qc4 22. Qb1 Qd5 23. Rd1 c5 24. f3 Qe5 25. Be1 Qxb2 26. Qxb2 Bxb2 27. Rxd6
c4 28. Nd4 Bd5 29. Nc2 c3 30. Ne2 Rc8 31. Ned4 Bxa2 32. Rc6 Rxc6 33. Nxc6 Bb3
34. N6d4 Bxc2 35. Nxc2 Nc4 36. Kf2 Na3 37. Nxa3 Bxa3 38. Bxc3 Bc5+ 39. Ke2 Kf7
40. Kd3 Ke6 41. Kc4 Bb6 42. Bb2 Bc7 43. Bd4 a5 44. Bc3 Kd6 45. Be1 Kc6 46. Bc3
Kd6 47. Bg7 Ke6 48. Bc3 Kd6 49. Be1 Bd8 50. Bc3 Kc6 51. Bd2 Kd6 52. Bc3 h5 53.
Bb2 Ke6 54. Bc3 Bc7 55. Be1 f4 56. Bc3 Kf5 57. Be1 Kg5 58. Kb5 Kf5 59. Bc3 g5
60. Kc6 1/2-1/2

[Event "CAN-op"]
[Site "Regina CAN"]
[Date "2019.07.15"]
[Round "6.21"]
[White "Bince, Rolando"]
[Black "Taylor, Tom"]
[Result "0-1"]
[WhiteElo "1857"]
[BlackElo "1926"]
[PlyCount "88"]
[EventDate "2019.07.12"]
[EventType "swiss"]
[EventRounds "9"]
[EventCountry "CAN"]

1. Nf3 Nf6 2. c4 e6 3. e3 d5 4. d4 c6 5. Bd3 dxc4 6. Bxc4 b5 7. Bd3 Bb7 8. O-O
Nbd7 9. e4 a6 10. Re1 Be7 11. Bd2 c5 12. e5 Nd5 13. Nc3 cxd4 14. Ne4 Nc5 15.
Nxc5 Bxc5 16. Ng5 g6 17. Qf3 Qd7 18. Ne4 Be7 19. Bh6 Nb4 20. Rad1 Nxd3 21. Qxd3
O-O-O 22. Bg7 Bxe4 23. Rxe4 Rhg8 24. Bf6 Bxf6 25. exf6 Rge8 26. Re5 Qd6 27. f4
Rd7 28. a4 bxa4 29. Qc2+ Kb7 30. Qxa4 Rc8 31. Rd3 Rc6 32. Re4 Qc5 33. h3 Rcd6
34. Kh2 Ka7 35. Re5 Qc6 36. Qa3 Rd5 37. Rxd5 Qxd5 38. Qa4 Qd6 39. Kg1 Qd5 40.
h4 h5 41. Kh2 Qd6 42. Kh3 Rd8 43. g3 Qd5 44. Ra3 Qh1# 0-1

[Event "CAN-op"]
[Site "Regina CAN"]
[Date "2019.07.16"]
[Round "7.1"]
[White "Dixit, Arun"]
[Black "Cherniaev, Alexander"]
[Result "0-1"]
[WhiteElo "1775"]
[BlackElo "2396"]
[PlyCount "72"]
[EventDate "2019.07.12"]
[EventType "swiss"]
[EventRounds "9"]
[EventCountry "CAN"]

1. e4 c6 2. d4 d5 3. e5 Bf5 4. Ne2 e6 5. Ng3 Bg6 6. h4 h5 7. Be2 c5 8. c3 Nc6
9. Be3 Qb6 10. Nd2 cxd4 11. cxd4 Nge7 12. O-O Nf5 13. Nxf5 Bxf5 14. Rc1 Be7 15.
Nf3 Qxb2 16. Bd3 Bxd3 17. Qxd3 Qb6 18. Bg5 Qd8 19. Rb1 Qd7 20. Rfc1 O-O 21.
Bxe7 Nxe7 22. Qb5 Qxb5 23. Rxb5 b6 24. Rc7 Nf5 25. Rb2 f6 26. Re2 Rfc8 27.
Rxc8+ Rxc8 28. exf6 Rc1+ 29. Kh2 gxf6 30. Rxe6 Kf7 31. Re2 b5 32. Rd2 b4 33.
Kh3 Nd6 34. Rb2 a5 35. Re2 Ne4 36. Rb2 Rf1 0-1

[Event "CAN-op"]
[Site "Regina CAN"]
[Date "2019.07.16"]
[Round "7.2"]
[White "Gottuk, Stefan"]
[Black "Zhao, Ian"]
[Result "1/2-1/2"]
[WhiteElo "2116"]
[BlackElo "2198"]
[PlyCount "112"]
[EventDate "2019.07.12"]
[EventType "swiss"]
[EventRounds "9"]
[EventCountry "CAN"]

1. d4 Nf6 2. Bf4 e6 3. e3 c5 4. c3 d5 5. Nd2 Nc6 6. Ngf3 Be7 7. Ne5 Nd7 8. Bd3
O-O 9. h4 f5 10. Nxd7 Bxd7 11. Nf3 Be8 12. h5 c4 13. Be2 b5 14. a3 a5 15. Ne5
Nxe5 16. Bxe5 h6 17. g4 Ra6 18. Kf1 Bf6 19. Bxf6 Qxf6 20. f4 fxg4 21. Kg2 g5
22. hxg6 Qxg6 23. Bxg4 h5 24. Rxh5 Qe4+ 25. Kf2 Bxh5 26. Bxh5 Ra7 27. Qe2 Rg7
28. Rg1 Rxg1 29. Kxg1 Kh8 30. Bf3 Rg8+ 31. Kf2 Qg6 32. Qf1 Rg7 33. Qh3+ Rh7 34.
Qg3 Qh6 35. Bg2 Qf6 36. Qg4 Rh4 37. Qg3 Rh6 38. Qg4 Rg6 39. Qh3+ Kg7 40. Bf3
Rh6 41. Qg3+ Kf8 42. Bg2 Qf5 43. Bf3 Rh3 44. Qg2 Qh7 45. Qg5 Kf7 46. f5 Qxf5
47. Qxf5+ exf5 48. Bxd5+ Ke7 49. Bc6 Rh2+ 50. Bg2 Kd6 51. Kg3 Rh5 52. Bf3 Rg5+
53. Kf2 Rg8 54. Bg2 Rh8 55. Kg3 Rg8+ 56. Kf2 Rh8 1/2-1/2

[Event "CAN-op"]
[Site "Regina CAN"]
[Date "2019.07.16"]
[Round "7.3"]
[White "Sohal, Tanraj"]
[Black "Hemstapat, Andrew"]
[Result "1/2-1/2"]
[WhiteElo "2241"]
[BlackElo "2069"]
[PlyCount "71"]
[EventDate "2019.07.12"]
[EventType "swiss"]
[EventRounds "9"]
[EventCountry "CAN"]

1. d4 e6 2. Nf3 f5 3. g3 Nf6 4. Bg2 Be7 5. O-O O-O 6. c4 d6 7. Nc3 Ne4 8. Nxe4
fxe4 9. Nd2 d5 10. f3 Nc6 11. fxe4 Rxf1+ 12. Nxf1 dxc4 13. Be3 Rb8 14. Rc1 Na5
15. e5 b6 16. Nd2 b5 17. b3 Ba3 18. Rb1 Bb4 19. Ne4 Be7 20. Qc2 Bb7 21. h4 Bd5
22. h5 Nc6 23. h6 g6 24. Rf1 a5 25. Nf6+ Bxf6 26. Rxf6 Ne7 27. Bh3 Qd7 28. bxc4
Bxc4 29. Qxc4 bxc4 30. Bxe6+ Qxe6 31. Rxe6 Nd5 32. Bg5 Nc3 33. Rc6 Nxe2+ 34.
Kf2 Nxd4 35. Rxc4 Ne6 36. Bc1 1/2-1/2

[Event "CAN-op"]
[Site "Regina CAN"]
[Date "2019.07.16"]
[Round "7.4"]
[White "Haessel, Dale"]
[Black "Malek, Omid"]
[Result "0-1"]
[WhiteElo "2148"]
[BlackElo "2141"]
[PlyCount "74"]
[EventDate "2019.07.12"]
[EventType "swiss"]
[EventRounds "9"]
[EventCountry "CAN"]

1. d4 Nf6 2. Nf3 e6 3. g3 d5 4. Bg2 Be7 5. O-O O-O 6. c4 dxc4 7. Ne5 Nc6 8.
Bxc6 bxc6 9. Nxc6 Qe8 10. Nxe7+ Qxe7 11. b3 cxb3 12. Qxb3 Qd7 13. Ba3 Rd8 14.
Nc3 Ba6 15. Rfd1 h5 16. f3 Nd5 17. Kf2 Nxc3 18. Qxc3 Qb5 19. Rd2 e5 20. Bc5 Qd7
21. Qa5 Bb7 22. Rb1 Bc8 23. e4 f5 24. Rbd1 Qf7 25. dxe5 Rxd2+ 26. Rxd2 fxe4 27.
Rd8+ Kh7 28. f4 Ba6 29. Rxa8 Qc4 30. Qe1 Qxc5+ 31. Qe3 Qc2+ 32. Ke1 Qb1+ 33.
Kd2 Qxa2+ 34. Kc3 Qa3+ 35. Kd2 Qb4+ 36. Qc3 e3+ 37. Kc2 Qe4+ 0-1

[Event "CAN-op"]
[Site "Regina CAN"]
[Date "2019.07.16"]
[Round "7.5"]
[White "Huang, Patrick"]
[Black "Mills, Morgon"]
[Result "1-0"]
[WhiteElo "2055"]
[BlackElo "2036"]
[PlyCount "77"]
[EventDate "2019.07.12"]
[EventType "swiss"]
[EventRounds "9"]
[EventCountry "CAN"]

1. d4 d5 2. Bf4 c5 3. e3 cxd4 4. exd4 Nc6 5. Nf3 Nf6 6. c3 g6 7. Nbd2 Bg7 8.
Be2 O-O 9. O-O Nh5 10. Bg5 h6 11. Be3 Qc7 12. Ne1 Nf4 13. Bf3 Rd8 14. g3 Nh3+
15. Kh1 e5 16. Nb3 b6 17. Bg2 Qd7 18. dxe5 Ba6 19. Nd3 Qf5 20. Nbc1 Ng5 21. Re1
Ne4 22. f3 Nc5 23. Bxc5 Bxd3 24. g4 Qc8 25. Bxb6 axb6 26. Nxd3 d4 27. cxd4 Rxd4
28. Qe2 Qe6 29. f4 Rad8 30. Rad1 Bf8 31. f5 Qc4 32. e6 Rxd3 33. exf7+ Kg7 34.
Rc1 Qf4 35. Rxc6 Bd6 36. f6+ Kxf7 37. Qe6+ Kf8 38. Rxd6 Qxd6 39. Qe7+ 1-0

[Event "CAN-op"]
[Site "Regina CAN"]
[Date "2019.07.16"]
[Round "7.6"]
[White "Wiebe, Isaac"]
[Black "Bu, Kevin"]
[Result "0-1"]
[WhiteElo "2062"]
[BlackElo "1784"]
[PlyCount "110"]
[EventDate "2019.07.12"]
[EventType "swiss"]
[EventRounds "9"]
[EventCountry "CAN"]

1. e4 Nf6 2. e5 Nd5 3. c4 Nb6 4. d4 d6 5. f4 dxe5 6. fxe5 Nc6 7. Be3 Bf5 8. Nc3
e6 9. Nf3 Qd7 10. Be2 Be7 11. O-O O-O 12. Qd2 f6 13. exf6 Bxf6 14. b3 Rad8 15.
Rfd1 a6 16. Rac1 Bg6 17. Qe1 Qe7 18. Qf2 Rfe8 19. Kh1 Nb4 20. Rd2 a5 21. g4 e5
22. g5 exd4 23. gxf6 Qxe3 24. Qxe3 dxe3 25. Rxd8 Rxd8 26. c5 N6d5 27. Rd1 c6
28. Ne5 gxf6 29. Nxg6 hxg6 30. a3 Na6 31. Nxd5 cxd5 32. c6 Nc7 33. cxb7 Rb8 34.
Rd3 Rxb7 35. Rxe3 Kf7 36. Kg2 Nb5 37. Bf3 Rd7 38. Rd3 Nc7 39. b4 axb4 40. axb4
f5 41. h4 Kf6 42. Rc3 Ne6 43. Kf2 d4 44. Rc1 Rd6 45. b5 Rb6 46. Bc6 Nf4 47. Kf3
Ne6 48. Rd1 Nc7 49. Rxd4 Nxb5 50. Bxb5 Rxb5 51. Rd6+ Kg7 52. Rd4 Kh6 53. Kg2
Rb3 54. Rc4 Kh5 55. Rd4 Re3 0-1

[Event "CAN-op"]
[Site "Regina CAN"]
[Date "2019.07.16"]
[Round "7.7"]
[White "Wolchock, Theo"]
[Black "Sorgard, Graham"]
[Result "1-0"]
[WhiteElo "2032"]
[BlackElo "1950"]
[PlyCount "59"]
[EventDate "2019.07.12"]
[EventType "swiss"]
[EventRounds "9"]
[EventCountry "CAN"]

1. e4 g6 2. d4 Bg7 3. Nc3 d6 4. Be3 a6 5. f4 b5 6. Nf3 Bb7 7. Bd3 Nd7 8. e5 e6
9. a4 b4 10. Ne4 Bxe4 11. Bxe4 d5 12. Bd3 Nh6 13. O-O Ng4 14. Bd2 c5 15. h3 Nh6
16. dxc5 Qa5 17. c3 Qxc5+ 18. Kh2 bxc3 19. Bxc3 O-O 20. Qe2 a5 21. Bb5 Qc7 22.
Rfc1 Qd8 23. b4 Nf5 24. g4 axb4 25. Bxb4 Ne7 26. Bd6 Rc8 27. a5 f6 28. exf6
Bxf6 29. Qxe6+ Kg7 30. Bxe7 1-0

[Event "CAN-op"]
[Site "Regina CAN"]
[Date "2019.07.16"]
[Round "7.8"]
[White "Demchenko, Kiril"]
[Black "Chandra, Anand Rishi"]
[Result "1-0"]
[WhiteElo "2004"]
[BlackElo "1883"]
[PlyCount "103"]
[EventDate "2019.07.12"]
[EventType "swiss"]
[EventRounds "9"]
[EventCountry "CAN"]

1. e4 e5 2. Nf3 Nc6 3. Bb5 a6 4. Ba4 Nf6 5. O-O Be7 6. Re1 b5 7. Bb3 d6 8. c3
O-O 9. h3 Na5 10. Bc2 c5 11. d4 Qc7 12. Nbd2 Bb7 13. Nf1 Rac8 14. d5 Rfe8 15.
b3 Rcd8 16. g4 Kh8 17. Ng3 g6 18. Kg2 Rg8 19. Bh6 Bf8 20. Qd2 Bxh6 21. Qxh6 Rg7
22. Qg5 Ng8 23. Nh4 f6 24. Qd2 Bc8 25. Rh1 Ne7 26. f3 f5 27. exf5 gxf5 28.
Nhxf5 Nxf5 29. Bxf5 Rf8 30. Be4 Qf7 31. Raf1 c4 32. b4 Nb7 33. Rf2 Qe7 34. Nh5
Rgg8 35. Qh6 Bf5 36. Ng3 Bxe4 37. fxe4 Rxf2+ 38. Kxf2 Rg6 39. Qe3 Qf7+ 40. Kg2
Rf6 41. Rf1 Rf4 42. Nf5 Rxf1 43. Kxf1 Qc7 44. Qh6 Qf7 45. Ke2 a5 46. a3 a4 47.
g5 Kg8 48. Kf3 Nd8 49. Kg4 Qa7 50. Kh5 Qd7 51. Qxd6 Qe8+ 52. g6 1-0

[Event "CAN-op"]
[Site "Regina CAN"]
[Date "2019.07.16"]
[Round "7.9"]
[White "Windram, James"]
[Black "Yao, Sammy"]
[Result "0-1"]
[WhiteElo "1907"]
[BlackElo "1986"]
[PlyCount "88"]
[EventDate "2019.07.12"]
[EventType "swiss"]
[EventRounds "9"]
[EventCountry "CAN"]

1. e4 c5 2. Nf3 e6 3. d4 cxd4 4. Nxd4 a6 5. Nc3 Qc7 6. g3 Bb4 7. Nde2 Nf6 8.
Bg2 Nc6 9. O-O Be7 10. Kh1 d6 11. h3 b5 12. a3 Bb7 13. f4 Na5 14. g4 h5 15. g5
Nd7 16. f5 exf5 17. Nd5 Bxd5 18. Qxd5 Rc8 19. Qxf5 Ne5 20. Bd2 Nac4 21. Bc1 g6
22. Qf4 O-O 23. Nd4 Qd7 24. b3 Na5 25. Bb2 Nac6 26. Nxc6 Rxc6 27. Qd2 Qe6 28.
Rac1 Rfc8 29. Rf2 R8c7 30. Rcf1 Bd8 31. c3 Qxb3 32. h4 Qe6 33. Qf4 Nd3 34. Qd2
Nxf2+ 35. Rxf2 Rc4 36. Qf4 d5 37. Bf1 Qxe4+ 38. Qxe4 Rxe4 39. Rd2 Rxh4+ 40. Kg1
Rg4+ 41. Bg2 Rxg5 42. Kh1 Rc4 43. Re2 Rh4+ 44. Kg1 Bb6+ 0-1

[Event "CAN-op"]
[Site "Regina CAN"]
[Date "2019.07.16"]
[Round "7.10"]
[White "Ma, Derek"]
[Black "Vasic, Maxim"]
[Result "0-1"]
[WhiteElo "1925"]
[BlackElo "1964"]
[PlyCount "132"]
[EventDate "2019.07.12"]
[EventType "swiss"]
[EventRounds "9"]
[EventCountry "CAN"]

1. e4 e5 2. Nf3 Nf6 3. Nxe5 d6 4. Nf3 Nxe4 5. d4 d5 6. Bd3 Bf5 7. O-O Be7 8.
Re1 O-O 9. Nbd2 Nd6 10. Nf1 Bf6 11. Ne3 Bxd3 12. Qxd3 c6 13. Ng4 Be7 14. Bf4
Na6 15. c3 Nc7 16. h4 Ne6 17. Bxd6 Qxd6 18. Qf5 Rae8 19. h5 Qf4 20. Qxf4 Nxf4
21. h6 g5 22. g3 f5 23. gxf4 fxg4 24. Nxg5 Bxg5 25. fxg5 Kf7 26. Kg2 Kg6 27.
Re5 Rxe5 28. dxe5 Kxg5 29. Re1 Kxh6 30. e6 Re8 31. Kg3 Kg5 32. Re5+ Kf6 33. Rh5
Re7 34. Kxg4 Kxe6 35. f4 c5 36. Rh6+ Kd7 37. f5 d4 38. cxd4 cxd4 39. Kf4 Re2
40. Rxh7+ Kc6 41. f6 Rxb2 42. f7 Rf2+ 43. Ke4 Kc5 44. Rh5+ Kd6 45. Rf5 Rxf5 46.
Kxf5 Ke7 47. Ke4 Kxf7 48. Kxd4 Ke6 49. Kc5 Ke5 50. a4 Ke6 51. Kb5 Kd5 52. Kb4
a6 53. Kb3 Kd4 54. Kb4 b6 55. Kb3 a5 56. Kb2 Kc4 57. Ka3 Kc3 58. Ka2 Kb4 59.
Kb2 Kxa4 60. Ka2 Kb4 61. Kb2 a4 62. Kb1 Kb3 63. Ka1 b5 64. Kb1 b4 65. Ka1 Kc2
66. Ka2 b3+ 0-1

[Event "CAN-op"]
[Site "Regina CAN"]
[Date "2019.07.16"]
[Round "7.13"]
[White "Jiang, Kate"]
[Black "Wei, Daniel"]
[Result "1-0"]
[WhiteElo "1463"]
[BlackElo "1840"]
[PlyCount "89"]
[EventDate "2019.07.12"]
[EventType "swiss"]
[EventRounds "9"]
[EventCountry "CAN"]

1. e4 c5 2. c3 Nf6 3. e5 Nd5 4. d4 cxd4 5. cxd4 d6 6. Nf3 Nc6 7. Bc4 e6 8. O-O
Be7 9. Bxd5 exd5 10. exd6 Qxd6 11. h3 Bf5 12. Nc3 O-O-O 13. Re1 f6 14. a3 g5
15. b4 Rhg8 16. g4 Bg6 17. Qa4 b6 18. Bb2 Kb8 19. Rac1 a5 20. Nxd5 Be8 21. Nxe7
Nxe7 22. Qb3 a4 23. Qe6 Qxe6 24. Rxe6 Nd5 25. Nd2 Nf4 26. Re3 Bb5 27. Kh2 Nd3
28. Rb1 Nxf2 29. Re6 Kb7 30. Rxf6 Rgf8 31. Re6 Rfe8 32. Rbe1 Nd3 33. Rxe8 Bxe8
34. Re7+ Kc6 35. Ba1 Bg6 36. Nf3 Kb5 37. Kg3 Rc8 38. d5 h6 39. Bd4 Nf4 40. d6
Rc2 41. Bf2 Rc8 42. d7 Rd8 43. Nd4+ Kc4 44. Nc6 h5 45. Nxd8 1-0